[Event "Speed Chess (Women) Play In 3"]
[Site "Chess.com INT"]
[Date "2024.08.15"]
[Round "4"]
[White "Adam, Ernestina"]
[Black "Li, Yilin"]
[Result "1-0"]
[WhiteElo "2055"]
[BlackElo "1921"]
[PlyCount "61"]
[EventDate "2024.08.15"]
[EventType "swiss (blitz)"]
[EventRounds "11"]
[EventCountry "USA"]
[SourceTitle "CB34_2024"]
[SourceDate "2024.08.21"]
[SourceVersion "1"]
[SourceVersionDate "2024.08.21"]
[SourceQuality "1"]

1. e4 c5 2. Nf3 a6 3. c3 d5 4. exd5 Qxd5 5. d4 e6 6. Na3 b5 7. Be3 cxd4 8. Bxd4 Nc6 9. Nc2 Nxd4 10. Ncxd4 Nf6 11. Be2 Bb7 12. a4 b4 13. 0-0 Bc5 14. Nb3 Be7 15. c4 Qxd1 16. Rfxd1 a5 17. Nfd4 0-0 18. Nb5 Ne4 19. Rd7 Bc5 20. Rxb7 Bxf2+ 21. Kf1 Be3 22. Bf3 Ng5 23. Ke2 Nxf3 24. Kxf3 Bg5 25. c5 Bf6 26. c6 Bxb2 27. Rd1 Bf6 28. c7 Be5 29. Nc5 Rac8 30. Nd7 Rfe8 31. Nxe5 1-0

[Event "ARG-ch (Women) 74th"]
[Site "Buenos Aires"]
[Date "2023.11.22"]
[Round "3"]
[White "Adam, Ernestina"]
[Black "Semprevivo, Florencia"]
[Result "1-0"]
[WhiteElo "2036"]
[BlackElo "1871"]
[PlyCount "61"]
[EventDate "2023.11.20"]
[EventType "swiss"]
[EventRounds "9"]
[EventCountry "ARG"]
[SourceTitle "CB49_2023"]
[SourceDate "2023.12.06"]
[SourceVersion "1"]
[SourceVersionDate "2023.12.06"]
[SourceQuality "1"]

1. e4 e5 2. Nf3 Nc6 3. Bb5 a6 4. Ba4 Nf6 5. 0-0 b5 6. Bb3 Be7 7. d3 0-0 8. c3 Bb7 9. Bg5 d6 10. Re1 Na5 11. Bc2 c5 12. d4 cxd4 13. cxd4 Nd7 14. Bxe7 Qxe7 15. Nc3 Rfc8 16. Nd5 Qd8 17. b3 Nc6 18. Rc1 Nf8 19. Ne3 Ng6 20. g3 Nb4 21. Bb1 Rxc1 22. Qxc1 exd4 23. Nxd4 Ne5 24. Qd1 g6 25. f4 Nec6 26. Nf3 a5 27. Qd2 Qb6 28. Kg2 Ne7 29. Ng4 d5 30. Qb2 Ra6 31. Nh6+ 1-0

[Event "ARG-ch (Women) 74th"]
[Site "Buenos Aires"]
[Date "2023.11.20"]
[Round "1"]
[White "Adam, Ernestina"]
[Black "Palomares, Lujan"]
[Result "1-0"]
[WhiteElo "2036"]
[BlackElo "1405"]
[PlyCount "25"]
[EventDate "2023.11.20"]
[EventType "swiss"]
[EventRounds "9"]
[EventCountry "ARG"]
[SourceTitle "CB49_2023"]
[SourceDate "2023.12.06"]
[SourceVersion "1"]
[SourceVersionDate "2023.12.06"]
[SourceQuality "1"]

1. e4 c6 2. d4 d5 3. e5 Bf5 4. h4 h5 5. Bd3 Bxd3 6. Qxd3 e6 7. Bg5 Be7 8. Nf3 Nd7 9. Nbd2 Qc7 10. c4 Bxg5 11. Nxg5 Nh6 12. 0-0 0-0 13. Qh7# 1-0

[Event "Buenos Aires Grafica Yael Torre Blanca"]
[Site "Buenos Aires"]
[Date "2023.08.08"]
[Round "1"]
[White "Fiorito, Francisco"]
[Black "Adam, Ernestina"]
[Result "1-0"]
[WhiteElo "2340"]
[BlackElo "2105"]
[PlyCount "159"]
[EventDate "2023.08.08"]
[EventType "tourn"]
[EventRounds "9"]
[EventCountry "ARG"]
[EventCategory "1"]
[SourceTitle "CBM 215 Extra"]
[Source "ChessBase"]
[SourceDate "2023.09.30"]
[SourceVersion "1"]
[SourceVersionDate "2023.09.30"]
[SourceQuality "1"]

1. Nf3 Nf6 2. b3 d5 3. Bb2 c5 4. e3 Nc6 5. Bb5 Bg4 6. Bxc6+ bxc6 7. d3 e6 8. Qe2 Be7 9. 0-0 0-0 10. h3 Bxf3 11. Qxf3 Nd7 12. Nc3 Bf6 13. Qe2 Qa5 14. Na4 Bxb2 15. Nxb2 f6 16. c4 Rae8 17. Rfc1 d4 18. e4 e5 19. Rf1 Qc7 20. Na4 Qd6 21. Qd2 f5 22. exf5 Rxf5 23. Rae1 Ref8 24. f3 Qg6 25. Kh2 Qd6 26. Kg1 Qg6 27. Kh1 Qd6 28. Qe2 Rf4 29. Nb2 Re8 30. Nd1 Nf6 31. g3 Nh5 32. Rg1 Rff8 33. Qg2 Qf6 34. Ref1 Qg6 35. Nf2 Nf6 36. Re1 Qf5 37. Rgf1 Qg6 38. Kh2 Qf5 39. Re2 Qd7 40. Rfe1 Qd6 41. Ne4 Qe7 42. Nxf6+ gxf6 43. f4 Qd6 44. Qf3 Qc7 45. Re4 Re7 46. Qh5 Rfe8 47. Qg4+ Kh8 48. Qe2 Qd6 49. h4 Qc7 50. h5 Qd6 51. fxe5 Rxe5 52. Qf3 Rxe4 53. Rxe4 Rxe4 54. Qxe4 Kg7 55. Kh3 Qc7 56. a3 Qd6 57. Kh4 Qc7 58. b4 cxb4 59. axb4 Qd6 60. c5 Qd8 61. Qxc6 f5+ 62. Kh3 Qg5 63. Qd7+ Kf8 64. Qd6+ Kf7 65. Qd5+ Kf8 66. Qf3 Qf6 67. Qa8+ Kf7 68. Qxa7+ Kg8 69. Qb8+ Kg7 70. Qf4 Kg8 71. b5 Qe6 72. b6 Qd5 73. Kh2 Qa2+ 74. Kg1 Qb1+ 75. Qf1 Qb4 76. Qxf5 Qe1+ 77. Kg2 Qe2+ 78. Kh3 Qe1 79. Qd5+ Kg7 80. Qxd4+ 1-0

[Event "ARG-ch U20"]
[Site "Buenos Aires"]
[Date "2023.02.17"]
[Round "1"]
[White "Adam, Ernestina"]
[Black "Lieby, Ana Victoria"]
[Result "1-0"]
[WhiteElo "2052"]
[BlackElo "1081"]
[PlyCount "75"]
[EventDate "2023.02.17"]
[EventType "swiss"]
[EventRounds "9"]
[EventCountry "ARG"]
[SourceTitle "EXT 2024"]
[Source "ChessBase"]
[SourceDate "2023.10.10"]
[SourceVersion "1"]
[SourceVersionDate "2023.10.10"]
[SourceQuality "1"]

1. e4 e6 2. d4 d5 3. Nd2 dxe4 4. Nxe4 Bd7 5. Nf3 Bc6 6. Neg5 Bxf3 7. Qxf3 Nf6 8. Qxb7 Nbd7 9. g3 Qb8 10. Qc6 Qc8 11. Bf4 Bd6 12. Ba6 Qd8 13. Bxd6 cxd6 14. 0-0 Rb8 15. Bd3 Qb6 16. Qxb6 Rxb6 17. b3 g6 18. c4 0-0 19. Ne4 Nxe4 20. Bxe4 Nf6 21. Bf3 Re8 22. c5 dxc5 23. dxc5 Rb4 24. Rac1 Rc8 25. Rfd1 Rb5 26. c6 Nd5 27. Bxd5 Rxd5 28. Rxd5 exd5 29. b4 Kf8 30. b5 Ke7 31. Kf1 Kd6 32. Ke2 a6 33. bxa6 Rc7 34. Kd3 Rxc6 35. Rxc6+ Kxc6 36. Kd4 Kb6 37. Kxd5 Kxa6 38. g4 1-0

[Event "ARG-ch U20"]
[Site "Buenos Aires"]
[Date "2023.02.17"]
[Round "2"]
[White "Herrera, Lara"]
[Black "Adam, Ernestina"]
[Result "0-1"]
[WhiteElo "1382"]
[BlackElo "2052"]
[PlyCount "102"]
[EventDate "2023.02.17"]
[EventType "swiss"]
[EventRounds "9"]
[EventCountry "ARG"]
[SourceTitle "EXT 2024"]
[Source "ChessBase"]
[SourceDate "2023.10.10"]
[SourceVersion "1"]
[SourceVersionDate "2023.10.10"]
[SourceQuality "1"]

1. e4 c5 2. Nc3 a6 3. a4 Nc6 4. Nf3 d6 5. h3 Nf6 6. Bc4 e6 7. d4 cxd4 8. Nxd4 Be7 9. 0-0 0-0 10. Be3 Qc7 11. Ba2 Nb4 12. Bb3 Rd8 13. f4 d5 14. e5 Ne4 15. Nxe4 dxe4 16. Qg4 Bc5 17. c3 Nc6 18. Rac1 Qb6 19. Bc2 Nxd4 20. cxd4 Bxd4 21. Bxd4 Rxd4 22. Kh1 Bd7 23. Rcd1 Bxa4 24. b3 Rxd1 25. Qxd1 Rd8 26. Qh5 g6 27. Qg5 Bb5 28. Re1 Bd3 29. Rd1 Rd5 30. Bxd3 Rxd3 31. Rc1 Qd8 32. Qxd8+ Rxd8 33. Rc7 Rd1+ 34. Kh2 e3 35. Rc2 Rd2 36. Rc3 e2 37. Re3 a5 38. Kg3 Rd3 39. Rxd3 e1Q+ 40. Kh2 Qe4 41. Rf3 Qxf3 42. gxf3 b5 43. Kg3 a4 44. bxa4 bxa4 45. Kh4 a3 46. Kg5 a2 47. h4 a1Q 48. Kh6 Qg1 49. h5 Qh2 50. Kg5 Qg3+ 51. Kf6 Qh4# 0-1

[Event "Titled Tuesday intern op 10th Jan Early"]
[Site "Chess.com INT"]
[Date "2023.01.10"]
[Round "11"]
[White "Langner, Ladislav"]
[Black "Adam, Ernestina"]
[Result "1-0"]
[WhiteElo "2368"]
[BlackElo "1736"]
[PlyCount "79"]
[EventDate "2023.01.10"]
[EventType "swiss (blitz)"]
[EventRounds "11"]
[EventCountry "USA"]
[SourceTitle "EXT 2024"]
[Source "ChessBase"]
[SourceDate "2023.10.10"]
[SourceVersion "1"]
[SourceVersionDate "2023.10.10"]
[SourceQuality "1"]

1. e4 c6 2. d4 d5 3. e5 Bf5 4. Nd2 e6 5. Nb3 Ne7 6. Nf3 Bg6 7. Be2 Nf5 8. 0-0 Be7 9. c3 0-0 10. Ne1 Nd7 11. Nd3 c5 12. Nbxc5 Nxc5 13. dxc5 Qc7 14. b4 a5 15. g4 Nh4 16. Be3 Bxd3 17. Qxd3 Qxe5 18. f4 Qe4 19. Qxe4 dxe4 20. Rfd1 Rfd8 21. Rxd8+ Rxd8 22. Rd1 Rxd1+ 23. Bxd1 axb4 24. cxb4 Ng6 25. Bc2 f5 26. Bb3 Kf8 27. Bxe6 fxg4 28. Bd5 Bf6 29. Bxb7 Ne7 30. a4 Ke8 31. a5 Kd7 32. Bxe4 Kc7 33. a6 Kb8 34. c6 Nc8 35. b5 Bd8 36. Bxh7 Bc7 37. Bf5 Nd6 38. a7+ Ka8 39. Bd3 Nc8 40. Kg2 1-0

[Event "Vicente Lopez ProAm 100 Years op"]
[Site "Buenos Aires"]
[Date "2022.10.11"]
[Round "1"]
[White "Carcamo, Matias"]
[Black "Adam, Ernestina"]
[Result "1-0"]
[WhiteElo "2052"]
[BlackElo "1740"]
[PlyCount "87"]
[EventDate "2022.10.11"]
[EventType "swiss"]
[EventRounds "9"]
[EventCountry "ARG"]
[SourceTitle "CBM 210 Extra"]
[Source "ChessBase"]
[SourceDate "2022.11.30"]
[SourceVersion "1"]
[SourceVersionDate "2022.11.30"]
[SourceQuality "1"]

1. e4 c5 2. Nc3 a6 3. g3 b5 4. a3 Bb7 5. Bg2 d6 6. d3 g6 7. f4 Bg7 8. Nf3 Nf6 9. 0-0 0-0 10. h3 Nc6 11. Be3 Nd7 12. Rb1 Rc8 13. Ne2 e6 14. g4 Ne7 15. Ng3 d5 16. c3 dxe4 17. dxe4 Qc7 18. Qc2 Nb6 19. b3 c4 20. Qf2 Nd7 21. b4 Rfd8 22. Rbc1 Ba8 23. h4 e5 24. f5 Rf8 25. Rcd1 gxf5 26. gxf5 Nf6 27. Ng5 h6 28. Bc5 Rfe8 29. Qe2 Nd7 30. Be3 hxg5 31. hxg5 f6 32. Nh5 Rf8 33. Qg4 Kf7 34. Nxg7 Kxg7 35. gxf6+ Kxf6 36. Bg5+ Kf7 37. Qh5+ Kg8 38. Bxe7 Rf7 39. Qg6+ Rg7 40. Qe6+ Rf7 41. Rxd7 Qc6 42. Rfd1 Re8 43. Rd8 a5 44. Rxe8+ 1-0

[Event "ARG-chT"]
[Site "Villa Martelli"]
[Date "2022.08.27"]
[Round "3.5"]
[White "Romanelli, Gabriel Adrian"]
[Black "Adam, Ernestina"]
[Result "1/2-1/2"]
[WhiteElo "1994"]
[BlackElo "1735"]
[PlyCount "125"]
[EventDate "2022.08.26"]
[EventType "team-swiss"]
[EventRounds "8"]
[EventCountry "ARG"]
[SourceTitle "EXT 2023"]
[Source "ChessBase"]
[SourceDate "2022.10.05"]
[SourceVersion "1"]
[SourceVersionDate "2022.10.05"]
[SourceQuality "1"]
[WhiteTeam "Villa Ballester"]
[BlackTeam "Semillero de Almagro"]
[WhiteTeamCountry "ARG"]
[BlackTeamCountry "ARG"]

1. c4 Nf6 2. Nc3 e5 3. g3 Bb4 4. Bg2 0-0 5. Nf3 Re8 6. 0-0 c6 7. Qb3 Bf8 8. e4 d6 9. d3 Na6 10. h3 Qc7 11. Bg5 Be7 12. d4 exd4 13. Nxd4 Nc5 14. Qc2 Ne6 15. Be3 Nxd4 16. Bxd4 b6 17. Rfe1 Nd7 18. f4 Bf6 19. Bf2 Bb7 20. Rad1 Rad8 21. Qd2 Nf8 22. Bd4 Nd7 23. Kh2 a6 24. b3 b5 25. cxb5 axb5 26. b4 Qb8 27. Qf2 Ba8 28. Rd2 Bxd4 29. Qxd4 Nf8 30. Red1 Ne6 31. Qf2 c5 32. Nd5 Nd4 33. Rxd4 cxd4 34. Rxd4 Bxd5 35. Rxd5 Rc8 36. Qd2 Rc4 37. Rxd6 Rec8 38. Rd7 R4c7 39. Rxc7 Qxc7 40. e5 Rd8 41. Qe3 Qc4 42. Qb6 Rc8 43. a3 h6 44. h4 Qe2 45. Qa6 Qc4 46. Qb7 Rc7 47. Qb6 Rc8 48. Qa6 Rc7 49. f5 Rc8 50. f6 gxf6 51. exf6 Rd8 52. a4 Qxb4 53. axb5 Rb8 54. Qa2 Qxb5 55. Qd2 Qh5 56. Qd6 Re8 57. Qd7 Qe5 58. Qd2 Qxf6 59. Qd5 Rd8 60. Qb7 Qd6 61. Qf3 Qg6 62. Qf4 Qd6 63. Qf3 1/2-1/2

[Event "Pan American-ch U14 Girls"]
[Site "Montevideo"]
[Date "2022.06.27"]
[Round "3"]
[White "Adam, Ernestina"]
[Black "Brito Carrascal, Isabela"]
[Result "1-0"]
[WhiteElo "1723"]
[BlackElo "1557"]
[PlyCount "108"]
[EventDate "2022.06.26"]
[EventType "swiss"]
[EventRounds "9"]
[EventCountry "URU"]
[SourceTitle "EXT 2023"]
[Source "ChessBase"]
[SourceDate "2022.10.05"]
[SourceVersion "1"]
[SourceVersionDate "2022.10.05"]
[SourceQuality "1"]

1. e4 c5 2. Nf3 e6 3. d4 cxd4 4. Nxd4 a6 5. Nc3 Qc7 6. Bd3 Nf6 7. Qe2 d6 8. f4 Nbd7 9. Be3 b5 10. a3 Bb7 11. 0-0 Be7 12. Rae1 Nc5 13. Bf2 Nxd3 14. Qxd3 0-0 15. Qg3 Rac8 16. Qh3 Rfe8 17. g4 Nd7 18. Qe3 e5 19. Nf5 exf4 20. Qxf4 Ne5 21. Bd4 Bf6 22. g5 Ng6 23. Qd2 Be5 24. h4 Rcd8 25. h5 Ne7 26. Bxe5 dxe5 27. Qf2 Nxf5 28. Qxf5 Bc8 29. Qf3 Be6 30. h6 Qe7 31. Qg3 Bc4 32. Rf5 Rd6 33. b3 g6 34. Rf3 Be6 35. Qxe5 f6 36. gxf6 Qf8 37. Qf4 Bf5 38. e5 Rdd8 39. Qg3 Kh8 40. Rxf5 gxf5 41. Qg7+ Qxg7+ 42. hxg7+ Kg8 43. e6 h6 44. f7+ Kxg7 45. fxe8Q Rxe8 46. e7 Kf7 47. Nd5 Rg8+ 48. Kf2 Re8 49. Kf3 h5 50. Kf4 h4 51. Kxf5 h3 52. Rh1 Rh8 53. Kg4 h2 54. Kg3 Rh5 1-0

[Event "Las Americas op U1800 Hybrid"]
[Site "Internet"]
[Date "2022.06.04"]
[Round "6.7"]
[White "Adam, Ernestina"]
[Black "Olivares Borjas, Rodolfo"]
[Result "1-0"]
[WhiteElo "1723"]
[BlackElo "1605"]
[PlyCount "115"]
[EventDate "2022.06.04"]
[EventType "swiss"]
[EventRounds "6"]
[EventCountry "VEN"]
[SourceTitle "EXT 2024"]
[Source "ChessBase"]
[SourceDate "2023.10.10"]
[SourceVersion "1"]
[SourceVersionDate "2023.10.10"]
[SourceQuality "1"]

1. e4 e6 2. d4 d5 3. Bd3 dxe4 4. Bxe4 Nf6 5. Bf3 c5 6. Ne2 Nc6 7. Be3 cxd4 8. Nxd4 Nxd4 9. Bxd4 Be7 10. 0-0 0-0 11. Nc3 Qa5 12. Qe2 Bd6 13. Ne4 Nxe4 14. Bxe4 f5 15. Bd3 Bd7 16. Rad1 Qc7 17. h3 Rae8 18. Bc4 Kh8 19. Bc3 Bc8 20. a3 e5 21. Rxd6 Qxd6 22. Bb4 Qf6 23. Bxf8 Rxf8 24. Rd1 h6 25. Bb3 e4 26. c3 Qe5 27. Qd2 Be6 28. Bxe6 Qxe6 29. Qd6 Qxd6 30. Rxd6 Kg8 31. Kf1 Rf6 32. Rd8+ Rf8 33. Rd5 g5 34. Ke2 Kg7 35. Ke3 Kg6 36. c4 b6 37. b4 Re8 38. Rd7 f4+ 39. Kd2 Rc8 40. Kc3 Re8 41. Kd2 Rc8 42. Rxa7 Rxc4 43. Ra6 Rc6 44. a4 Kf5 45. a5 Rd6+ 46. Ke2 f3+ 47. gxf3 exf3+ 48. Ke3 Rc6 49. Rxb6 Rc3+ 50. Kd2 Ra3 51. Rc6 Ra4 52. Rb6 Ra2+ 53. Ke3 Ra3+ 54. Kd4 Ra2 55. a6 Rxf2 56. Ke3 Rf1 57. a7 Ra1 58. Rb5+ 1-0

[Event "Las Americas op U1800 Hybrid"]
[Site "Internet"]
[Date "2022.06.04"]
[Round "2.3"]
[White "Benitez Cardenas, Nayeli Yentl"]
[Black "Adam, Ernestina"]
[Result "0-1"]
[WhiteElo "1541"]
[BlackElo "1723"]
[PlyCount "78"]
[EventDate "2022.06.04"]
[EventType "swiss"]
[EventRounds "6"]
[EventCountry "VEN"]
[SourceTitle "EXT 2024"]
[Source "ChessBase"]
[SourceDate "2023.10.10"]
[SourceVersion "1"]
[SourceVersionDate "2023.10.10"]
[SourceQuality "1"]

1. e4 c5 2. Nf3 d6 3. d4 cxd4 4. Nxd4 Nf6 5. Nc3 a6 6. Be2 e5 7. Nb3 Be7 8. 0-0 0-0 9. Be3 Be6 10. Kh1 b5 11. f4 Nc6 12. f5 Bxb3 13. axb3 Nb4 14. Qd2 Rc8 15. Bf3 Qc7 16. Nxb5 Qxc2 17. Qxb4 axb5 18. Qxb5 Rb8 19. Qc4 Qxb3 20. Qxb3 Rxb3 21. Bc1 Rfb8 22. Ra7 Bf8 23. h3 R8b7 24. Ra8 Nd7 25. Rd1 Rb8 26. Ra7 Nc5 27. Rd2 R3b7 28. Ra3 Nb3 29. Rc2 d5 30. Rxb3 Rxb3 31. exd5 R3b4 32. Re2 Rc8 33. Be3 e4 34. Bg4 Rd8 35. Rd2 Rb5 36. Rd4 Bc5 37. Rxe4 Bxe3 38. Rxe3 Rbxd5 39. b4 Rb5 0-1